| 000 | 00424nam a22001697a 4500 | ||
|---|---|---|---|
| 003 | NUST - PNEC | ||
| 005 | 20170116180840.0 | ||
| 008 | 150819b xxu||||| |||| 00| 0 eng d | ||
| 020 | _a- | ||
| 040 | _cLIBRARY | ||
| 082 | _a530 HAL | ||
| 100 |
_95321 _aHalliday, David |
||
| 245 |
_aPhysics for students of science and engineering _cDavid Halliday |
||
| 260 | _cc.1963 | ||
| 650 |
_95322 _aPhysics _xME |
||
| 942 |
_2ddc _cBK |
||
| 999 |
_c64379 _d64379 |
||